000
00241nam a2200097Ia 4500
001
832550
005
20250826172357.0
008
250824s9999 xx 000 0 und d
245
0
_a
SUNGUROĞLU 3
_c
YAVUZ BAHADIROĞLU
260
_b
NESİL YAYINLARI
999
_c
832550
_d
832550